| Tag |
First Indicator |
Second Indicator |
Subfields |
| LEADER |
00000cam a2200000 a 4500 |
| 001 |
in00002554921 |
| 005 |
20151201151539.0 |
| 008 |
091201s2010 cauaf b 001 0 eng |
| 010 |
|
|
|a 2009046993
|
| 020 |
|
|
|a 9781578051489 (alk. paper)
|
| 020 |
|
|
|a 1578051487 (alk. paper)
|
| 035 |
|
|
|a (OCoLC)ocn471815959
|
| 035 |
|
|
|a (OCoLC)471815959
|
| 040 |
|
|
|a DLC
|c DLC
|d BTCTA
|d YDXCP
|d C#P
|d BWX
|d UtOrBLW
|
| 049 |
|
|
|a TXAM
|
| 050 |
0 |
0 |
|a TR729.W54
|b P35 2010
|
| 082 |
0 |
0 |
|a 778.9/32
|2 22
|
| 100 |
1 |
|
|a Palmer, Chris,
|d 1947-
|
| 245 |
1 |
0 |
|a Shooting in the wild :
|b an insider's account of making movies in the animal kingdom /
|c Chris Palmer ; foreword by Jane Goodall.
|
| 264 |
|
1 |
|a San Francisco :
|b Sierra Club Books ;
|c [2010]
|
| 264 |
|
2 |
|a [Berkeley, Calif.] :
|b Distributed by Publishers Group West,
|
| 264 |
|
4 |
|c ©2010
|
| 300 |
|
|
|a xxiii, 223 pages, 16 unnumbered pages of plates :
|b color illustrations ;
|c 23 cm.
|
| 336 |
|
|
|a text
|b txt
|2 rdacontent
|
| 337 |
|
|
|a unmediated
|b n
|2 rdamedia
|
| 338 |
|
|
|a volume
|b nc
|2 rdacarrier
|
| 504 |
|
|
|a Includes bibliographical references and index.
|
| 650 |
|
0 |
|a Wildlife films.
|
| 650 |
|
0 |
|a Wildlife photography.
|
| 650 |
|
0 |
|a Cinematography.
|
| 938 |
|
|
|a Baker and Taylor
|b BTCP
|n BK0008680966
|
| 938 |
|
|
|a YBP Library Services
|b YANK
|n 3190545
|
| 938 |
|
|
|a Blackwell Book Service
|b BBUS
|n R5845806
|c $24.95
|
| 945 |
|
|
|a PromptCat
|b 999313
|
| 946 |
|
|
|a stk
|
| 947 |
|
|
|a A14840238577
|
| 994 |
|
|
|a 92
|b TXA
|
| 948 |
|
|
|a Cataloged
|b h
|c 2010/6/15
|d c
|e ibarton
|
| 999 |
|
|
|a MARS
|
| 999 |
f |
f |
|s 1f12b09b-2972-3b33-a35f-0acd288a2dee
|i db337720-7e3f-3cee-88c5-e2576117cdbd
|t 0
|
| 952 |
f |
f |
|p normal
|a Texas A&M University
|b College Station
|c Sterling C. Evans Library
|d Evans: Library Stacks
|t 0
|e TR729.W54 P35 2010
|h Library of Congress classification
|i unmediated -- volume
|m A14840238577
|
| 998 |
f |
f |
|a TR729.W54 P35 2010
|t 0
|l Evans: Library Stacks
|